000 00534nam a22001815i 4500
001 155672
003 ES-MaACL
005 20250717063036.0
008 040727s1877 fr |||| | fre d
040 _aCAM
_bspa
_cCAM
100 1 _aHugo, Victor,
_d1802-1885
_964627
245 1 2 _aL'art d'être grand-père /
_cVictor Hugo.
250 _a3e éd.
260 _aParis :
_bCalmann Lévy éditeur,
_c1877 (
_fA. Quantin imprimeur)
300 _a323 p. ;
_c23 cm.
852 _aES-MaACL
_jF-9194
_z-- Enc. hol.
999 _c155672
_d155672